MARC

LEADER 00000nam0a2200000 4500
001 135868
005 20231101220559.0
035 |a (RuTPU)RU\TPU\book\147248 
090 |a 135868 
100 |a 20080416d1980 km y0rusy50 ca 
101 0 |a rus 
102 |a RU 
105 |a a z 001zy 
200 1 |a Проектирование вентиляции на карьерах  |f В. С. Никитин, Н. З. Битколов 
210 |a Москва  |c Недра  |d 1980 
215 |a 172 с.  |c ил. 
320 |9 572  |a Библиогр.: с. 168-169 
606 1 |a Карьеры  |x Вентиляция  |x Проектирование  |2 stltpush  |3 (RuTPU)RU\TPU\subj\13976  |9 40507 
610 1 |a атмосфера 
610 1 |a метеорологические данные 
610 1 |a геометрические параметры 
610 1 |a состав 
610 1 |a воздух 
610 1 |a прогнозирование 
610 1 |a естественное проветривание 
610 1 |a эффективность 
610 1 |a оценка 
610 1 |a нормализация 
610 1 |a обеспыливание 
610 1 |a оборудование 
675 |a 622.458  |v 3 
700 1 |a Никитин  |b В. С.  |g Владимир Сергеевич 
701 1 |a Битколов  |b Н. З.  |g Нур Закирзянович 
801 1 |a RU  |b 63413507  |c 20080416  |g PSBO 
801 2 |a RU  |b 63413507  |c 20210413  |g PSBO 
942 |c BK